000 00681nam a22002172 4500
001 0000023914
005 20151217154507.0
008 130416s xx 000 0 eng d
020 _a0198061099 :
040 _aKABU
_cKABU
100 1 _aRaghubalan, G.
_@0000183698
245 1 0 _aHotel housekeeping :
_boperations and management /
_cG. Raghubalan, Smritee Raghubalan.
250 _a2nd ed.
260 _aOxford :
_bNew Delhi,
_c2009.
300 _axii, 732 p. +
_e1 CD-ROM.
650 0 _aHotel management.
_@0000158121
700 1 _aRaghubalan, Smritee.
_@0000183699
852 1 _9p1356 KES
908 _a130416
950 _@1
999 _c11504
_d11504